000 00588nam a2200181 a 4500
001 000043017
005 20201002040557.0
008 140217s2001 xxuabf 001 0 spa d
020 _a0892366427
040 _aDO-SdBNP
_bspa
_cBNPHU
100 1 _aBartlett, Robert
_970538
245 1 0 _aMedieval panorama. /
_cRobert Bartlett.
260 _aLos angeles, California :
_bThe J. Paul Getty museum,
_c2001.
300 _a336 p. :
_bil., mapa, lam. ;
_c29 cm.
500 _aIncluye índice p: 332-336
500 _aIncluye lista de ilustraciones p: 326-331
504 _aBibliografía p: 322-325
999 _c42506
_d42506